| 000 | 00721nam a2200217Ia 4500 | ||
|---|---|---|---|
| 003 | OSt | ||
| 005 | 20220929143017.0 | ||
| 008 | 210716s2011 xx 000 0 und d | ||
| 020 | _a9789350234297 | ||
| 040 | _cAIMIT LIBRARY | ||
| 041 | _aeng | ||
| 082 |
_a005.448 _21 _bCHUM |
||
| 100 |
_aChu-Carroll, Mark C. _958791 |
||
| 245 |
_aCode in the cloud : _bprogramming google app engine / _cBy Mark C. Chu-Carroll. |
||
| 250 | _a1st ed. | ||
| 260 |
_aMumbai : _bShroff Publishers and Distributors Pvt Ltd , _c2011 . |
||
| 300 |
_ax, 306p. ; _bPB _c23 cm. |
||
| 650 |
_aProgramming google app engine with python _958792 |
||
| 650 |
_aAccess from personal digital assistants _958793 |
||
| 942 |
_2ddc _cBK _e1st _k005.448 CHUM |
||
| 999 |
_c192496 _d192496 |
||